Normal view
MARC view
Entry Topical Term
001 - CONTROL NUMBER
- control field: 52585
003 - CONTROL NUMBER IDENTIFIER
- control field: OSt
005 - DATE AND TIME OF LATEST TRANSACTION
- control field: 20250505112404.0
008 - FIXED-LENGTH DATA ELEMENTS
- fixed length control field: 250505|| aca||aabn | a|a d
040 ## - CATALOGING SOURCE
- Original cataloging agency: OSt
- Transcribing agency: OSt
150 ## - HEADING--TOPICAL TERM
- Topical term or geographic name entry element: Public-private partnerships (PPPs), Determinants, PPPs formation process, Initiation and adoption, Developing countries China.
670 ## - SOURCE DATA FOUND
- Source citation: Work cat.: (OSt): Guo, Jiye Alvarez, Daniel Del Barrio Yoan, Jingeng and Kato, hironori 52584, Determinants of the formation process in public-private partnership projects in developing countries: Evidence from China
